000 00196 a2200097 4500
020 _a9788408033226
041 _aspa
100 _aLuis Racionero
245 _aLa sonrisa de la Gioconda
942 _cK
999 _c26670
_d26670